[Event "TCh-ROM A"]
[Site "Tusnad ROM"]
[Date "2005.05.26"]
[Round "6"]
[White "Parligras,M"]
[Black "Ionescu,Co"]
[Result "1-0"]
[WhiteElo "2560"]
[BlackElo "2452"]

1.e4 c5 2.Nf3 e6 3.d4 cxd4 4.Nxd4 a6 5.Bd3 Nf6 6.O-O Qc7 7.Qe2 d6 8.f4 Nbd7
9.Kh1 Be7 10.Nd2 g6 11.N2f3 b6 12.e5 Nd5 13.c4 Nb4 14.Be4 Bb7 15.Bxb7 Qxb7
16.f5 dxe5 17.fxe6 exd4 18.exf7+ Kxf7 19.Ng5+ Ke8 20.Nf7 Qc7 21.Nxh8 Qc5
22.Qf3 Rc8 23.Qf7+ Kd8 24.Qxh7  1-0

[Event "VII Open"]
[Site "Salou ESP"]
[Date "2005.05.27"]
[Round "8"]
[White "Vonthron,H"]
[Black "Spraggett,K"]
[Result "0-1"]
[WhiteElo "2329"]
[BlackElo "2585"]

1.e4 c5 2.Nf3 e6 3.d4 cxd4 4.Nxd4 a6 5.Bd3 Nf6 6.Nc3 d6 7.f4 g6 8.e5 dxe5
9.fxe5 Nfd7 10.Nf3 Bg7 11.Qe2 Nc6 12.Bf4 Qa5 13.O-O Ndxe5 14.Nxe5 Nxe5 15.Nb5 O-O
16.Bxe5 Bxe5 17.Qxe5 axb5 18.Qxb5 Qxb5 19.Bxb5 f5 20.Rfd1 Kf7 21.Rd4 Ke7
22.Rc4 Kf6 23.a3 e5 24.Rd1 Be6 25.Rc7 Rf7 26.Rc5 Rc8 27.Rxc8 Bxc8 28.c4 Rc7
29.b4 e4 30.c5 Be6 31.a4 Ke5 32.a5 e3 33.a6 bxa6 34.Bxa6 f4 35.Be2 Ra7 36.b5 Ra2
37.Re1 Rc2 38.c6 Rb2 39.Kf1 Kd6 40.h3 g5 41.Rc1 Kc7 42.Rd1 h5 43.Ke1 g4 44.hxg4 hxg4
45.Rd4 f3 46.Bxf3 gxf3 47.gxf3 Rb3 48.Ke2 Rc3 49.Re4 Bc4+ 50.Kd1 e2+ 51.Kd2 Rc1  0-1

[Event "FSGM June"]
[Site "Budapest HUN"]
[Date "2005.06.07"]
[Round "4"]
[White "Boros,De"]
[Black "Sachdev,T"]
[Result "1/2-1/2"]
[WhiteElo "2402"]
[BlackElo "2343"]

1.e4 c5 2.Nf3 e6 3.d4 cxd4 4.Nxd4 a6 5.Bd3 Qc7 6.O-O Nf6 7.Qe2 Bc5 8.Nb3 Ba7
9.e5 Nd5 10.Re1 Nc6 11.c4 Ndb4 12.Bf4 Nxd3 13.Qxd3 f5 14.N1d2 O-O 15.Nf3 Ne7
16.Bd2 Nc6 17.Bf4 Ne7 18.Bd2 Nc6 19.Rad1 b5 20.Rc1 b4 21.c5 a5 22.Nbd4 Nxd4
23.Nxd4 Bb7 24.c6 Ba6 25.Qxa6 Bxd4 26.Qd3 Bxb2 27.Rc2 Bc3 28.Bxc3 bxc3 29.cxd7 Rfd8
30.Rd1 Ra7 31.Rxc3 Qxd7 32.Kf1 Qxd3+ 33.Rdxd3 Rxd3 34.Rxd3 Rb7 35.Ke2 g5
36.Ke3 f4+ 37.Kf3 Rb5 38.Rd7 Rxe5 39.Kg4 Re2 40.Kxg5 Rxf2 41.Kf6 h5 42.Rd8+ Kh7
43.Rd7+ Kg8  1/2-1/2

[Event "TCh-BIH Prem"]
[Site "Neum BIH"]
[Date "2005.06.07"]
[Round "4"]
[White "Arapovic,V"]
[Black "Predojevic,B"]
[Result "1/2-1/2"]
[WhiteElo "2435"]
[BlackElo "2549"]

1.e4 c5 2.Nf3 e6 3.d4 cxd4 4.Nxd4 a6 5.Bd3 Bc5 6.Nb3 Ba7 7.Qe2 Nc6 8.Be3 Nge7
9.O-O e5 10.Bxa7 Rxa7 11.Nc3 O-O 12.Rad1 d6 13.Rd2 Ng6  1/2-1/2

[Event "FSIM June"]
[Site "Budapest HUN"]
[Date "2005.06.12"]
[Round "9"]
[White "Katsuhara,O"]
[Black "Brustkern,J"]
[Result "1/2-1/2"]
[WhiteElo "2106"]
[BlackElo "2258"]

1.e4 c5 2.Nf3 e6 3.d4 cxd4 4.Nxd4 a6 5.Bd3 Qb6 6.Nb3 Qc7 7.Nc3 b5 8.f4 Bb7
9.Qf3 Nf6 10.Bd2 b4 11.Ne2 d5 12.e5 Ne4 13.Be3 Nd7 14.Ned4 g6 15.O-O Ndc5
16.Nxc5 Bxc5  1/2-1/2

[Event "Open"]
[Site "Voronezh RUS"]
[Date "2005.06.13"]
[Round "2"]
[White "Bryzgalin,K"]
[Black "Kostin,Alexe"]
[Result "1/2-1/2"]
[WhiteElo "2464"]
[BlackElo "2388"]

1.e4 c5 2.Nf3 e6 3.d4 cxd4 4.Nxd4 a6 5.Bd3 Nf6 6.O-O Qc7 7.Qe2 d6 8.c4 Nbd7
9.b3 g6 10.Bb2 Bg7 11.Nc3 O-O 12.Rad1 b6 13.Bb1 Bb7 14.Rfe1 Rfd8 15.f3  1/2-1/2

[Event "III Open"]
[Site "Bajada de la Virgen ESP"]
[Date "2005.06.14"]
[Round "2"]
[White "Illijin,N"]
[Black "Garcia Rodriguez,D"]
[Result "1-0"]
[WhiteElo "2244"]
[BlackElo "2051"]

1.e4 c5 2.Nf3 e6 3.d4 cxd4 4.Nxd4 a6 5.Bd3 Nc6 6.Nxc6 bxc6 7.c4 Qc7 8.O-O Nf6
9.Nc3 Be7 10.f4 e5 11.fxe5 Qxe5 12.Kh1 d6 13.Bf4 Qc5 14.Be2 O-O 15.Rc1 Be6
16.b3 Nd7 17.Nd5 cxd5 18.cxd5 Qb6 19.dxe6 fxe6 20.Bc4 Nc5 21.Qg4 Rf6 22.Be3 Rg6
23.Bxe6+ Kh8 24.Qh3 Bg5 25.Bd5 Rd8 26.Qf5 Be7 27.Qf7 Rf6 28.Qxe7  1-0

[Event "TCh-ARG Magistral AFA"]
[Site "Buenos Aires ARG"]
[Date "2005.06.14"]
[Round "7"]
[White "De Dovitiis,A"]
[Black "Diaz,Nah"]
[Result "0-1"]
[WhiteElo "2345"]
[BlackElo "2418"]

1.e4 c5 2.Nf3 e6 3.d4 cxd4 4.Nxd4 a6 5.Bd3 Nc6 6.Nxc6 bxc6 7.O-O d5 8.c4 Nf6
9.Nc3 Be7 10.Qe2 O-O 11.b3 a5 12.Bb2 Bb7 13.Rad1 Re8 14.cxd5 exd5 15.exd5 Bd6
16.Qf3 cxd5 17.Bb5 Re6 18.Rfe1 Rb8 19.Rxe6 fxe6 20.Qe2 Qe7 21.Ba6 Bxh2+ 22.Kf1 Bxa6
23.Qxa6 Rf8 24.Qe2 Bb8 25.Nxd5 Nxd5 26.Rxd5 Rxf2+ 27.Kxf2 Qf7+ 28.Ke3 exd5
29.Qg4 Qe8+ 30.Kd3 Be5 31.Bxe5 Qxe5 32.Qc8+ Kf7 33.Qb7+ Kf6 34.Qb6+ Kf5 35.Qxa5 Qe4+
36.Kd2 Qxg2+ 37.Kc1 h5 38.a4 h4 39.Qc7 h3 40.Qf7+ Ke4 41.Qe6+ Kd3 42.Qf5+ Kc3
43.Qe5+ Kxb3 44.Qb8+ Ka2  0-1

[Event "Marx Gyorgy Open"]
[Site "Paks HUN"]
[Date "2005.06.16"]
[Round "3"]
[White "Molnar,Be"]
[Black "Akesson,R"]
[Result "0-1"]
[WhiteElo "2360"]
[BlackElo "2461"]

1.e4 c5 2.Nf3 e6 3.d4 cxd4 4.Nxd4 a6 5.Bd3 Bc5 6.c3 Ne7 7.Be3 d6 8.f4 O-O
9.O-O e5 10.fxe5 dxe5 11.Nc2 Bxe3+ 12.Nxe3 Be6 13.Kh1 Nd7 14.Bc4 Bxc4 15.Nxc4 Qc7
16.Nbd2 Rad8 17.Qe2 Nc5 18.Nf3 Nd3 19.Ne3 Qc6 20.Nd5 Nxd5 21.Qxd3 Nf4 22.Qc2 f6
23.Rad1 h6 24.Nh4 Kh7 25.Nf5 Qc4 26.g3 Nd3 27.Nd4 Rxd4  0-1

[Event "Open"]
[Site "Voronezh RUS"]
[Date "2005.06.17"]
[Round "5"]
[White "Tomilova,E"]
[Black "Kosov,Iv"]
[Result "0-1"]
[WhiteElo "2274"]
[BlackElo "2175"]

1.e4 c5 2.Nf3 e6 3.d4 cxd4 4.Nxd4 a6 5.Bd3 Qc7 6.O-O Nf6 7.Qe2 d6 8.Kh1 Nbd7
9.c4 b6 10.f4 Bb7 11.Nd2 g6 12.N2f3 e5 13.Nc2 Bg7 14.Nb4 O-O 15.fxe5 dxe5
16.Nd5 Nxd5 17.cxd5 Nc5 18.Be3 Qd6 19.Bxc5 Qxc5 20.Rac1 Qd6 21.Bc4 Bh6 22.Rc3 b5
23.Bb3 f5 24.Rc7 fxe4 25.Rxb7 exf3 26.gxf3 Rf7 27.Rxf7 Kxf7 28.Qc2 Ke7 29.Qf2 Kf6
30.Re1 Bf4 31.Qc2 Ke7 32.a4 bxa4 33.Bc4 Qb4 34.d6+ Qxd6 35.Qe4 Qd2 36.Re2 Qc1+
37.Kg2 Rd8 38.Qb7+ Rd7 39.Qxa6 Rd6 40.Qxa4 Rd1 41.Qa7+ Kf6 42.Bg8 Rh1 43.Qf7+ Kg5
44.Qe7+ Kh5 45.Qxh7+ Kg5 46.Qe7+ Kh5 47.Qh7+ Kg5 48.Kh3 Qc8+ 49.Kg2 Rxh2+
50.Qxh2 Bxh2 51.Kxh2 Qxg8 52.Rxe5+ Kf4 53.Rb5 Kxf3  0-1

[Event "White Nights"]
[Site "St Petersburg RUS"]
[Date "2005.06.18"]
[Round "1"]
[White "Barhudarian,R"]
[Black "Truskavetsky,A"]
[Result "1/2-1/2"]
[WhiteElo "2099"]
[BlackElo "2374"]

1.e4 c5 2.Nf3 e6 3.d4 cxd4 4.Nxd4 a6 5.Bd3 g6 6.c4 Bg7 7.Nb3 Ne7 8.Nc3 O-O
9.O-O d5 10.cxd5 exd5 11.Bg5 d4 12.Nd5 f6 13.Bc4 Kh8 14.Bf4 b5 15.Be2 Nbc6
16.Nxd4 Ne5 17.Qb3 Nxd5 18.Qxd5 Qb6 19.Bxe5 fxe5 20.Nxb5 Rb8 21.Nd6 h6 22.Nc4 Qf6
23.b3 Bb7 24.Qd3 Rbd8 25.Qe3 Rd4 26.Bf3 g5 27.h3 Qg6 28.Rad1 h5 29.Nxe5 Bxe5
30.Rxd4 g4 31.hxg4 hxg4 32.Bxg4 Qxg4 33.Qh6+ Kg8 34.Rdd1 Bg7 35.Qe3 Re8 36.f3 Qg3
37.Qf2 Qc7 38.Rc1 Qe5 39.Rfd1 Rf8 40.Rc5 Qe7 41.Qe3 Be5 42.b4 Qg7 43.Qb3+ Kh8
44.Rc2 Bd4+ 45.Rxd4 Qxd4+ 46.Rf2 Bxe4 47.Qb2 Qxb2 48.Rxb2 Bc6 49.Kf2 Kg7
50.Rc2 Bb5 51.g4 Rf4 52.a3 Rd4 53.Rc3 Kf6 54.Ke3 Rd1 55.Kf4 Rd4+ 56.Ke3 Rd1
57.Kf4 Ra1 58.Re3 Rc1 59.Kg3 Rc4 60.f4 Rc1 61.g5+ Kf5 62.Re5+ Kg6 63.Re3 Kh5
64.Rb3 Bc6 65.Re3 Rg1+ 66.Kh3 Ra1 67.Kg3 Rg1+ 68.Kh3 Rh1+ 69.Kg3 Rf1 70.Rc3 Bb5
71.Re3 Rg1+ 72.Kf2 Rg4 73.Re4 Rh4 74.Kg3 Rg4+ 75.Kf3 Kh4 76.Rd4 Kh5 77.Re4 Rh4
78.Kg3 Rg4+  1/2-1/2

[Event "White Nights"]
[Site "St Petersburg RUS"]
[Date "2005.06.19"]
[Round "2"]
[White "Kotov,D"]
[Black "Mishuchkov,N"]
[Result "1/2-1/2"]
[WhiteElo "2179"]
[BlackElo "2386"]

1.e4 c5 2.Nf3 e6 3.d4 cxd4 4.Nxd4 a6 5.Bd3 Nf6 6.c4 Nc6 7.Be3 Bb4+ 8.Nc3 Qa5
9.Qd2 Ng4 10.Nb3 Qc7 11.Bf4 Nge5 12.Be2 Na5 13.O-O Nxb3 14.axb3 O-O 15.Nb5 Qc5
16.Qe3 f6 17.Rfd1 b6 18.Qxc5 Bxc5 19.Nc7 Ra7 20.Nb5 Ra8 21.Nc7  1/2-1/2

[Event "White Nights"]
[Site "St Petersburg RUS"]
[Date "2005.06.20"]
[Round "3"]
[White "Pavlov,Ma"]
[Black "Karasev,V"]
[Result "0-1"]
[WhiteElo "2319"]
[BlackElo "2396"]

1.e4 c5 2.Nf3 e6 3.d4 cxd4 4.Nxd4 a6 5.Bd3 Qc7 6.Qe2 Bd6 7.Nd2 Ne7 8.Nc4 Bc5
9.Nb3 b5 10.Ncd2 Ba7 11.Qg4 Nbc6 12.Nf3 Ng6 13.h4 h5 14.Qg5 e5 15.Be3 Bxe3
16.Qxe3 Nf4 17.O-O d6 18.g3 Ne6 19.Rfd1 Bb7 20.Rd2 O-O 21.Rad1 Rad8 22.c3 Ne7
23.Bc2 f5 24.Ng5 Nxg5 25.Qxg5 fxe4 26.Qxh5 d5 27.Na1 Rf5 28.Qg4 Rdf8 29.Bb3 Qb6
30.Rf1 e3 31.Re2 Rxf2 32.Rexf2 exf2+ 33.Kh2 Bc8 34.Qe2 Qe6 35.Rxf2 Qh3+ 36.Kg1 Qxg3+
37.Rg2 Qf4 38.Nc2 Bh3 39.Rg5 Qxh4 40.Qh5 Rf1+ 41.Kh2 Qf2+ 42.Kxh3 Rh1+  0-1

[Event "Friendship IM"]
[Site "Cartak CZE"]
[Date "2005.06.25"]
[Round "10"]
[White "Biolek,R1"]
[Black "Kanovsky,D"]
[Result "0-1"]
[WhiteElo "2135"]
[BlackElo "2338"]

1.e4 c5 2.Nf3 e6 3.d4 cxd4 4.Nxd4 a6 5.Bd3 g6 6.O-O Bg7 7.c3 Qc7 8.Nd2 Nf6
9.f4 d6 10.N2f3 Nbd7 11.Qe2 e5 12.Nc2 O-O 13.fxe5 dxe5 14.Bg5 h6 15.Bxf6 Nxf6
16.Ne3 b5 17.a4 Bb7 18.axb5 axb5 19.Bxb5 Bxe4 20.Kh1 Rxa1 21.Rxa1 Bb7 22.Rd1 Nh5
23.Qc4 Qb8 24.Nd5 Kh8 25.b4 Rc8 26.Qb3 e4 27.Nd4 Qe5 28.Ne3 Qf4 29.Nc4 e3
30.Qa2 Nf6 31.Ne2 Bxg2+ 32.Kxg2 Qf2+ 33.Kh1 Ng4 34.Nc1 Qf3+  0-1

[Event "Friendship IM"]
[Site "Cartak CZE"]
[Date "2005.06.26"]
[Round "11"]
[White "Malinovsky,K"]
[Black "Biolek,R1"]
[Result "1-0"]
[WhiteElo "2316"]
[BlackElo "2135"]

1.e4 c5 2.Nf3 e6 3.d4 cxd4 4.Nxd4 a6 5.Bd3 g6 6.O-O Bg7 7.Be3 Nf6 8.c4 d6
9.Nc3 O-O 10.Rc1 Nbd7 11.b3 Nc5 12.Bb1 b6 13.f3 Bb7 14.Qd2 Qc7 15.Bh6 Rac8
16.Bxg7 Kxg7 17.Rfd1 Rfd8 18.Qe3 Ba8 19.Nde2 h6 20.Rc2 Rd7 21.b4 Nb7 22.Na4 Rcd8
23.Nxb6 Re7 24.Rcd2 Nd7 25.Nxa8 Rxa8 26.Qd4+ Kg8 27.Rc1 Qc6 28.Bc2 a5 29.a3 Nb6
30.Bb3 Rc7 31.e5 Rd8 32.exd6 Rxd6 33.Qe3 Rxd2 34.Qxd2 Nd7 35.c5 axb4 36.axb4 Nbxc5
37.bxc5 Nxc5 38.Qxh6 Qb6 39.Qe3  1-0

[Event "6th Kurass Memorial"]
[Site "Kiev UKR"]
[Date "2005.06.29"]
[Round "9"]
[White "Chernozem,S"]
[Black "Marchenko,V"]
[Result "1/2-1/2"]
[WhiteElo "2076"]
[BlackElo "2330"]

1.e4 c5 2.Nf3 e6 3.d4 cxd4 4.Nxd4 a6 5.Bd3 Nf6 6.O-O d6 7.c4 g6 8.Nc3 Bg7
9.Be3 O-O 10.Qe2 Qc7 11.Rac1 Nc6 12.Nb3 Ne5 13.f3 Bd7 14.Rfd1 Rac8 15.Qf2 Nxd3
16.Rxd3 Qxc4 17.Rxd6 Qc7 18.Rcd1 Bc6 19.Bb6  1/2-1/2

[Event "Australian Masters"]
[Site "Melbourne AUS"]
[Date "2005.06.29"]
[Round "1"]
[White "Rujevic,M"]
[Black "Gorka,C"]
[Result "1-0"]
[WhiteElo "2268"]
[BlackElo "2086"]

1.e4 c5 2.Nf3 e6 3.d4 cxd4 4.Nxd4 a6 5.Bd3 Bc5 6.Nb3 Be7 7.Nc3 d6 8.f4 Nd7
9.Qf3 Qc7 10.Be3 b5 11.Bd4 Ngf6 12.O-O-O Bb7 13.g4 b4 14.Ne2 Nc5 15.Ng3 Nxd3+
16.Rxd3 Rc8 17.Rd2 d5 18.e5 Nd7 19.Nh5 Rg8 20.Rf1 a5 21.Kb1 a4 22.Nc1 Ba6
23.Re1 Bc5 24.Qe3 Bxd4 25.Qxd4 Qc4 26.f5 Qxd4 27.Rxd4 Rc4 28.c3 bxc3 29.bxc3 Ke7
30.Rxc4 Bxc4 31.Kc2 g6 32.f6+ Kd8 33.Nf4 h5 34.g5 Kc7 35.Nfd3 Kb6 36.a3 Rc8
37.Kd2 Nc5 38.Nxc5 Kxc5 39.Kc2 d4 40.Re4 dxc3 41.Kxc3 Bb3 42.Rd4 Bd5 43.Nd3+ Kb5+
44.Kb2 Rc4 45.Rxc4 Kxc4 46.Nf4 Kd4 47.Nxg6 Be4 48.Nh8 Kxe5 49.Nxf7+ Kd5 50.Ne5  1-0

[Event "ZS"]
[Site "Brno CZE"]
[Date "2005.06.31"]
[Round "1"]
[White "Groetz,H"]
[Black "Mihailovs,J"]
[Result "1/2-1/2"]
[WhiteElo "2311"]
[BlackElo "2298"]

1.e4 c5 2.Nf3 e6 3.d4 cxd4 4.Nxd4 a6 5.Bd3 Bc5 6.Nb3 Ba7 7.Qe2 Nc6 8.Be3 Nf6
9.O-O d6 10.f4 e5 11.f5 b5 12.c4 b4 13.a3 Qc7 14.axb4 Nxb4 15.Nc3 Bxe3+ 16.Qxe3 Qa7
17.Qxa7 Rxa7 18.Rfd1 Rc7 19.Ra4 Nxd3 20.Rxd3 Ke7 21.Na5 Bd7 22.Rb4 Rc5 23.Nb3 Rcc8
24.Na5 Rb8 25.Rxb8 Rxb8 26.b3 g6 27.fxg6 hxg6 28.h4 Rc8 29.g3 Bc6 30.Nxc6+ Rxc6
31.Kg2 Ke6 32.Kf3 Nd7 33.Nd5  1/2-1/2

[Event "Open A"]
[Site "Klatovy CZE"]
[Date "2005.07.02"]
[Round "1"]
[White "Sott,P"]
[Black "Palkova,H"]
[Result "1-0"]
[WhiteElo "2102"]
[BlackElo "2020"]

1.e4 c5 2.Nf3 e6 3.d4 cxd4 4.Nxd4 a6 5.Bd3 Qc7 6.Nc3 b5 7.a3 Bb7 8.O-O Nf6
9.Qe2 d6 10.Kh1 Nbd7 11.f4 Be7 12.Bd2 Nc5 13.Rae1 Rd8 14.Qf2 Nxd3 15.cxd3 O-O
16.Qg3 Rfe8 17.Nf3 Nd7 18.f5 Bf6 19.Bg5 exf5 20.Bxf6 Nxf6 21.Nd4 f4 22.Qxf4 Qc5
23.Nf5 Qe5 24.Qg5 Nd7 25.Nh6+  1-0

[Event "Open A"]
[Site "Klatovy CZE"]
[Date "2005.07.03"]
[Round "2"]
[White "Folkova,M"]
[Black "Forman,M"]
[Result "1-0"]
[WhiteElo "2149"]
[BlackElo "2048"]

1.e4 c5 2.Nf3 e6 3.d4 cxd4 4.Nxd4 a6 5.Bd3 Bc5 6.Nb3 Ba7 7.Qe2 Ne7 8.Nc3 Nbc6
9.Bd2 b5 10.e5 Bb7 11.Ne4 Nf5 12.O-O-O O-O 13.f4 d5 14.exd6 Nxd6 15.Bc3 Nxe4
16.Qxe4 Qh4 17.g3 Qh6 18.Rhe1 Rab8 19.Qe2 Ne7 20.Bb4 Rfe8 21.Na5 Ba8 22.Be4 Bxe4
23.Qxe4 Bb6 24.Nb7 f5 25.Qf3 Nd5 26.Bd6 Rxb7 27.Rxd5 Rd7 28.Rd2 Bc7 29.Bb4 Rxd2
30.Bxd2 Rd8 31.Qc6 Bd6 32.Ba5 Bxf4+ 33.gxf4 Qxf4+ 34.Kb1  1-0

[Event "4th Open"]
[Site "La Fere FRA"]
[Date "2005.07.03"]
[Round "2"]
[White "Sobry,S"]
[Black "Genov,Peta"]
[Result "0-1"]
[WhiteElo "2107"]
[BlackElo "2469"]

1.e4 c5 2.Nf3 e6 3.d4 cxd4 4.Nxd4 a6 5.Bd3 b5 6.O-O Bb7 7.Qe2 Qc7 8.a4 b4
9.c3 Nf6 10.Bg5 Nc6 11.Nxc6 Qxc6 12.f3 h6 13.Be3 d5 14.exd5 Nxd5 15.Be4 Qc7
16.Bxd5 Bxd5 17.Rc1 Bd6 18.g3 O-O 19.c4 Bc6 20.Nd2 Be5 21.Nb3 Rad8 22.a5 Qb7
23.Bb6 Bc7 24.Bxc7 Qxc7 25.Rd1 Rxd1+ 26.Qxd1 Qe5 27.Qd2 Bxf3 28.Re1 Qc7 29.Qxb4 Rb8
30.Qc3 Ba8 31.Re2 Qb7 32.Nc1 Rd8 33.h4 Qh1+ 34.Kf2 Qg2+  0-1

[Event "DMP 1st League"]
[Site "Koszalin POL"]
[Date "2005.07.05"]
[Round "1"]
[White "Mazurkiewicz,M"]
[Black "Luch,M"]
[Result "0-1"]
[WhiteElo "2124"]
[BlackElo "2414"]

1.e4 c5 2.Nf3 e6 3.d4 cxd4 4.Nxd4 a6 5.Bd3 Nf6 6.O-O Qc7 7.c4 Nc6 8.Nf3 Ng4
9.Nc3 Nd4 10.g3 Nxf3+ 11.Qxf3 Ne5 12.Qe2 Be7 13.Be3 d6 14.Na4 Nd7 15.b4 O-O
16.Rfc1 b6 17.f3 Qc6 18.Qc2 Bb7 19.c5 dxc5 20.bxc5 b5 21.Nb6 Rad8 22.Be2 Ne5
23.a4 f5 24.axb5 axb5 25.Ra7 fxe4 26.Bxb5 Nxf3+ 27.Kh1 Qxb5 28.Rxb7 Ne1 29.Rxe1 Rf1+
30.Rxf1 Qxf1+ 31.Bg1 Bxc5 32.Qg2 Rd1 33.Rb8+ Kf7 34.Rb7+ Kg6 35.Qxe4+ Qf5
36.Qxf5+ exf5  0-1

[Event "DMP 1st League"]
[Site "Koszalin POL"]
[Date "2005.07.05"]
[Round "1"]
[White "Tokarski,B"]
[Black "Wieczorek,O"]
[Result "0-1"]
[WhiteElo "1952"]
[BlackElo "2033"]

1.e4 c5 2.Nf3 e6 3.d4 cxd4 4.Nxd4 a6 5.Bd3 Nc6 6.Nxc6 dxc6 7.Nd2 e5 8.O-O Nf6
9.Nc4 Bd6 10.Be3 Bc7 11.a4 Be6 12.Qf3 b5 13.axb5 axb5 14.Na3 Nd7 15.Qg3 O-O
16.c4 bxc4 17.Nxc4 Qe7 18.Rfc1 Rxa1 19.Rxa1 Nc5 20.Rd1 Nxd3 21.Bh6 f6 22.Bxg7 Qxg7
23.Qxd3 Rd8 24.Qc2 Rxd1+ 25.Qxd1 Bxc4 26.Qa4 Qd7 27.Qxc4+ Kg7 28.h3 Bb6 29.Qb4 Qa7
30.Qd2 Bd4 31.Qe2 Kh8 32.Qf3 Qe7 33.Qf5 Bxb2 34.Qc8+ Kg7 35.Qxc6 Bd4 36.Qc8 Qc5
37.Qg4+ Kh8 38.Qe2 Qc1+ 39.Kh2 Qf4+ 40.Kg1 Kg7 41.Qc2 Kh6 42.Qe2 Kg5 43.Qc4 Qxf2+
44.Kh2 Qg1+ 45.Kg3 Qe1+ 46.Kh2 Bg1+  0-1

[Event "4th Open"]
[Site "La Fere FRA"]
[Date "2005.07.05"]
[Round "5"]
[White "Helstroffer,A"]
[Black "Meijers,V"]
[Result "0-1"]
[WhiteElo "2264"]
[BlackElo "2479"]

1.e4 c5 2.Nf3 e6 3.d4 cxd4 4.Nxd4 a6 5.Bd3 Nc6 6.Nxc6 dxc6 7.O-O e5 8.f4 Nf6
9.f5 h5 10.Qe1 Ng4 11.Nc3 b5 12.a4 Bb7 13.h3 Qb6+ 14.Kh1 Bb4 15.axb5 Bxc3
16.Qxc3 cxb5 17.Be2 Rc8 18.Qg3 Rxc2 19.Bxg4 hxg4 20.Qxe5+ Kf8 21.f6 gxf6
22.Rxf6 Qc7 23.Bh6+ Rxh6 24.Qxc7 Rxh3+ 25.Qh2 Bxe4 26.Rg1 Rxb2 27.Rxa6 Kg7
28.Rd6 f5 29.Re6 Kf7 30.Rxe4 Rxh2+ 31.Kxh2 fxe4 32.Re1 Rb4 33.Kg3 Ke6 34.Kf4 Kd5  0-1

[Event "20th North Sea Cup"]
[Site "Esbjerg DEN"]
[Date "2005.07.06"]
[Round "6"]
[White "Solleveld,Maa"]
[Black "Kveinys,A"]
[Result "1/2-1/2"]
[WhiteElo "2453"]
[BlackElo "2510"]

1.e4 c5 2.Nf3 e6 3.d4 cxd4 4.Nxd4 a6 5.Bd3 Bc5 6.Nb3 Ba7 7.Qe2 d6 8.Be3 Bxe3
9.Qxe3 Ne7 10.c4 e5 11.Nc3 Be6 12.O-O Nd7 13.Rfd1 Qb6 14.Qxb6 Nxb6 15.Na5  1/2-1/2

[Event "4th Open"]
[Site "La Fere FRA"]
[Date "2005.07.06"]
[Round "7"]
[White "Petitcunot,Pi"]
[Black "Gozzoli,Y"]
[Result "1/2-1/2"]
[WhiteElo "2390"]
[BlackElo "2444"]

1.e4 c5 2.Nf3 e6 3.d4 cxd4 4.Nxd4 a6 5.Bd3 Bc5 6.Nb3 Ba7 7.O-O Nc6 8.Qe2 Nge7
9.Be3 d6 10.Bxa7 Rxa7 11.f4 Ng6 12.N1d2 f6 13.Kh1 Nb4 14.e5 dxe5 15.fxe5 Nxd3
16.exf6 gxf6 17.cxd3 b6  1/2-1/2

[Event "VISUS Open"]
[Site "Prague CZE"]
[Date "2005.07.06"]
[Round "5"]
[White "Kubecka,D"]
[Black "Filipi,S"]
[Result "1-0"]
[WhiteElo "2252"]
[BlackElo "2022"]

1.e4 c5 2.Nf3 e6 3.d4 cxd4 4.Nxd4 a6 5.Bd3 Bc5 6.Nb3 Ba7 7.O-O Nc6 8.c4 Nf6
9.Nc3 Qc7 10.Qe2 h5 11.Kh1 Ng4 12.f4 d6 13.Bd2 Bd7 14.Rac1 O-O-O 15.Nd5 exd5
16.cxd5 Kb8 17.dxc6 Bxc6 18.Na5 Qb6 19.Nxc6+ bxc6 20.h3 Nf2+ 21.Kh2 Nxd3
22.Qxd3 d5 23.Qa3 Rd7 24.Rf3 Ka8 25.Rb3 Qc7 26.Qxa6 Rh6 27.Ba5 Qd6 28.Qc8+ Bb8
29.e5  1-0

[Event "DMP 1st League"]
[Site "Koszalin POL"]
[Date "2005.07.07"]
[Round "3"]
[White "Kohut,A"]
[Black "Kozak,Ma"]
[Result "0-1"]
[WhiteElo "2065"]
[BlackElo "2171"]

1.e4 c5 2.Nf3 e6 3.d4 cxd4 4.Nxd4 a6 5.Bd3 Nf6 6.O-O Qc7 7.Kh1 Bc5 8.Nb3 Ba7
9.f4 d6 10.Bd2 Nc6 11.c4 h5 12.Qe1 Bd7 13.Na3 Ng4 14.Rc1 Rc8 15.Qg3 Nd4 16.c5 Nxb3
17.axb3 dxc5 18.h3 Qd8 19.Nc4 Bc6 20.hxg4 hxg4+ 21.Kg1 b5 22.Ne5 c4+ 23.Be3 Bxe3+
24.Qxe3 Qh4 25.Rfd1 g3 26.Kf1 Qh1+ 27.Qg1 Rh4 28.Bb1 Rxf4+ 29.Nf3 Qh5 30.Qe3 Qg4
31.Re1 g5 32.Kg1 Qh5 33.bxc4 e5 34.Qc5 Rxf3 35.Qxe5+ Kf8 36.Qc5+ Kg8 37.gxf3 Qh2+
38.Kf1 g2+ 39.Ke2 g1=Q+  0-1

[Event "IM"]
[Site "Condom FRA"]
[Date "2005.07.09"]
[Round "1"]
[White "Cioara,A"]
[Black "Velikov,P"]
[Result "0-1"]
[WhiteElo "2403"]
[BlackElo "2422"]

1.e4 c5 2.Nf3 e6 3.d4 cxd4 4.Nxd4 a6 5.Bd3 Nf6 6.O-O Qc7 7.Nc3 b5 8.a3 Bb7
9.Qe2 d6 10.f4 Nbd7 11.Kh1 Be7 12.Bd2 O-O 13.Rae1 Nc5 14.e5 dxe5 15.fxe5 Nxd3
16.cxd3 Nd7 17.Qg4 Kh8 18.Qh5 g6 19.Qh6 Nxe5 20.Bf4 f6 21.Qg7+ Kxg7 22.Nxe6+ Kg8
23.Nxc7 Rac8 24.N7d5 Bd8 25.Bh6 Nxd3 26.Re3 Nxb2 27.Bxf8 Kxf8 28.Nxf6 Nc4
29.Rd3 Bxf6 30.Rxf6+ Kg7 31.Re6 Rc7 32.Nd1 a5 33.Kg1 Bc8 34.Re1 Bf5 35.Rb3 Rb7
36.Nc3 b4 37.axb4 Bc2 38.Reb1 Bxb3 39.Rxb3 Rxb4 40.Rxb4 axb4 41.Nd5 b3 42.Nc3 b2
43.Nb1 Kf6 44.Kf2 Ke5 45.Ke2 Kd4  0-1

[Event "Open"]
[Site "Condom FRA"]
[Date "2005.07.10"]
[Round "2"]
[White "Lemeaux,D"]
[Black "Genov,Peta"]
[Result "0-1"]
[WhiteElo "2213"]
[BlackElo "2469"]

1.e4 c5 2.Nf3 e6 3.d4 cxd4 4.Nxd4 a6 5.Bd3 Nf6 6.O-O Qc7 7.Qe2 d6 8.c4 Nbd7
9.Nc3 g6 10.f4 Bg7 11.Be3 O-O 12.Rad1 b6 13.Kh1 Bb7 14.Bg1 Rfe8 15.Nf3 Rac8
16.Bc2 Nc5 17.e5 dxe5 18.Nxe5 Red8 19.Na4 Nh5 20.Bd4 Nxa4 21.Bxa4 f6 22.Nd7 Rxd7
23.Bxd7 Qxd7 24.Bxf6 Qc6 25.Be5 Bf8 26.b3 Ng7 27.Rd2 Bb4 28.Rd3 Nf5 29.Rfd1 Nh4
30.Rg3 Rf8 31.Bd6 Nxg2 32.Qxe6+ Rf7 33.Rxg6+ hxg6 34.Qxg6+ Rg7 35.Qe6+ Kh7
36.Qf5+ Kh6 37.Qf6+ Kh7 38.Qf5+ Rg6 39.Qf7+ Kh6 40.Bf8+ Bxf8 41.Qxf8+ Kh7
42.Qf7+ Rg7  0-1

[Event "DMP 1st League"]
[Site "Koszalin POL"]
[Date "2005.07.10"]
[Round "7"]
[White "Strzemiecki,Z"]
[Black "Kolosowski,M"]
[Result "1-0"]
[WhiteElo "2195"]
[BlackElo "2011"]

1.e4 c5 2.Nf3 e6 3.d4 cxd4 4.Nxd4 a6 5.Bd3 Nf6 6.O-O Qc7 7.Qe2 d6 8.Kh1 g6
9.f4 Bg7 10.c4 O-O 11.Nc3 Nbd7 12.Be3 b6 13.Rac1 Bb7 14.b4 Nh5 15.Nb3 Rae8
16.Qf2 Bxc3 17.Rxc3 f5 18.exf5 exf5 19.c5 bxc5 20.bxc5 Bd5 21.c6 Ndf6 22.Bb6 Qc8
23.Qd4 Qa8 24.Na5 Rc8 25.Bc4 Bxc4 26.Qxc4+ d5 27.Qc5 Rfe8 28.Rcc1 Re4 29.Qd6 Rce8
30.c7 R4e6 31.Qxe6+ Rxe6 32.c8=Q+  1-0

[Event "VISUS Open"]
[Site "Prague CZE"]
[Date "2005.07.10"]
[Round "9"]
[White "Filipi,S"]
[Black "Eretova,K"]
[Result "1-0"]
[WhiteElo "2022"]
[BlackElo "2133"]

1.e4 c5 2.Nf3 e6 3.d4 cxd4 4.Nxd4 a6 5.Bd3 Qc7 6.Nc3 Bc5 7.Nb3 Be7 8.Be3 Nf6
9.f3 d6 10.Qd2 Nbd7 11.g4 h6 12.h4 b5 13.O-O-O Ne5 14.Be2 h5 15.g5 Nfd7 16.f4 Nc4
17.Bxc4 bxc4 18.Nd4 Bb7 19.g6 Nc5 20.gxf7+ Kxf7 21.Rhg1 Bf6 22.f5 e5 23.Nf3 Nxe4
24.Nxe4 Bxe4 25.Ng5+ Bxg5 26.Rxg5 d5 27.Rdg1 Rh7 28.Qe2 c3 29.b3 Qe7 30.Rxh5 Qa3+
31.Kd1 Rah8 32.Rxh7 Rxh7 33.Qg4 Bxc2+ 34.Kxc2 Qb2+ 35.Kd3 e4+ 36.Kd4 c2+
37.Kxd5 Rh6 38.Bxh6  1-0

[Event "ch-SWE"]
[Site "Goeteborg SWE"]
[Date "2005.07.11"]
[Round "9"]
[White "Ernst,T"]
[Black "Agrest,E"]
[Result "1/2-1/2"]
[WhiteElo "2459"]
[BlackElo "2592"]

1.e4 c5 2.Nf3 e6 3.d4 cxd4 4.Nxd4 a6 5.Bd3 Bc5 6.Nb3 Ba7 7.O-O Ne7 8.Bf4 d5
9.Nc3 d4 10.Ne2 Nbc6 11.c3 dxc3 12.Nxc3 Ng6 13.Bg3 h5 14.Be2 Qxd1 15.Raxd1 Nce5
16.h3 h4 17.Bh2 Bd7 18.Kh1 b5 19.f4 Nc6 20.f5 Nge5 21.fxe6 Bxe6 22.Nd5 Rc8
23.Rc1 f6 24.a4 bxa4 25.Bxa6 Rb8 26.Nc5 Bxd5 27.exd5 Nb4 28.Bxe5 fxe5 29.Bd3 Bxc5
30.Bg6+ Ke7 31.Rxc5 Kd6 32.Rc4 Rh6 33.Be4 Rf6 34.Ra1 Rb6 35.Rxa4 Nxd5 36.Bxd5 Kxd5
37.Rxh4 Rxb2 38.Rhg4 g6 39.Ra5+ Ke6 40.Re4 Rf1+ 41.Kh2 Rff2 42.Rexe5+ Kf6
43.Rg5 Ra2 44.Rxa2 Rxa2 45.Rb5 Ra3 46.h4 Rc3 47.Rg5 Ra3 48.Rg3 Ra4 49.Kh3 Ra5
50.Rf3+ Kg7 51.Kg4 Ra2 52.g3 Ra4+ 53.Rf4 Ra3 54.Re4 Kh6 55.Kf4 Ra6 56.g4 g5+
57.hxg5+ Kg6 58.Re5 Ra4+ 59.Kg3 Ra1 60.Rf5 Rb1  1/2-1/2

[Event "DMP 1st League"]
[Site "Koszalin POL"]
[Date "2005.07.11"]
[Round "8"]
[White "Tobolski,J"]
[Black "Wieczorek,O"]
[Result "1/2-1/2"]
[WhiteElo "2034"]
[BlackElo "2033"]

1.e4 c5 2.Nf3 e6 3.d4 cxd4 4.Nxd4 a6 5.Bd3 Nc6 6.Nxc6 dxc6 7.Nd2 e5 8.Nc4 Bd6
9.Bd2 Nf6 10.O-O O-O 11.f4 Ng4 12.g3 exf4 13.Nxd6 Qxd6 14.Rxf4 Ne5 15.Be3 Rd8
16.Be2 Qxd1+ 17.Rxd1 Rxd1+ 18.Bxd1 Be6 19.b3 a5 20.Kg2 a4 21.h3 axb3 22.axb3 Ra1
23.Rf1 Ra2 24.Rf2 f6 25.g4 h6 26.Kg3 Kf7 27.Rd2 Nd7 28.Be2 Ke7 29.h4 Ra1
30.g5 hxg5 31.hxg5 Rh1 32.gxf6+ gxf6 33.Bf3 Rh3+ 34.Kf2 Rh2+ 35.Kf1 Rxd2
36.Bxd2 Kd6 37.Kf2 Ne5 38.Be2 f5 39.Ke3 fxe4  1/2-1/2

[Event "Open"]
[Site "Barbera del Valles ESP"]
[Date "2005.07.12"]
[Round "9"]
[White "Castaner Halster,X"]
[Black "Valero Perez,F"]
[Result "1/2-1/2"]
[WhiteElo "2137"]
[BlackElo "2248"]

1.e4 c5 2.Nf3 e6 3.d4 cxd4 4.Nxd4 a6 5.Bd3 Bc5 6.Nb3 Ba7 7.O-O Qc7 8.Qe2 Nf6
9.N1d2 Nc6 10.Kh1 d6 11.a4 Bd7 12.Nc4 Ne5 13.Nxe5 dxe5 14.Bd2 O-O 15.f4 exf4
16.Bxf4 e5 17.Bg5 Bg4 18.Qe1 Nd7 19.Qg3 Bh5 20.Nd2 Kh8 21.Nf3 f6 22.Bd2 Nc5
23.Nh4 Nxd3 24.cxd3 Rad8  1/2-1/2